| 000 | 01574nas a2200301 c 4500 | ||
|---|---|---|---|
| 003 | BLK | ||
| 005 | 20180422122207.0 | ||
| 008 | 180413b bul |a|er|||| |0| c|bulo| | ||
| 010 | _aPRD00002766000 | ||
| 022 | _a0323-9764 | ||
| 040 | _aBLK | ||
| 041 |
_aBUL _cBUL |
||
| 080 |
_aНационални библиографии. Библиографии според местоиздаването на произведенията. Подразделят се с определител за място _b015 _x(497.2) _z015(497.2) |
||
| 110 | 1 |
_aНар. библ. Св. св. Кирил и Методий _eРед. кол.: Илона Калоянова и др. _9388149 |
|
| 245 | 1 | 0 |
_aБЪЛГАРСКИ ПЕРИОДИЧЕН ПЕЧАТ _bВестници, списания, бюл. и период. сб. : Год. указ. _cНар. библ. Св. св. Кирил и Методий ; Ред. кол.: Илона Калоянова и др. _fНачална год. на издаване: за 1965 (1967), |
| 257 | _aBGR | ||
| 260 |
_аСофия _bНар. библ. Св. св. Кирил и Методий _c1967 _fОфс. база при НБКМ |
||
| 300 | _c20 | ||
| 310 |
_апериодичност: 1 _cдепозит за: 2004 _eсрок за съхранение: 99 |
||
| 380 | _a0 | ||
| 440 |
_aСер. 4 _9388150 |
||
| 500 | _aзабележка:Преди 1967 г. вж Български книгопис. | ||
| 852 | _aА 2197 | ||
| 856 |
_qpdf _u |
||
| 856 |
_qpdf _u |
||
| 942 |
_cCPU _n0 _s1 |
||
| 944 |
_aCR _cВаня_Йорданова _k15.01.2003 |
||
| 944 |
_aED _c _k06.06.2014 |
||
| 999 |
_c290305 _d290305 |
||